Thinking critically . (Record no. 351966)

000 -LEADER
fixed length control field 01229cam a22003737i 4500
001 - CONTROL NUMBER
control field 17759523
003 - CONTROL NUMBER IDENTIFIER
control field OSt
005 - DATE AND TIME OF LATEST TRANSACTION
control field 20180116183104.0
008 - FIXED-LENGTH DATA ELEMENTS--GENERAL INFORMATION
fixed length control field 130531s2015 at b 001 0 eng d
010 ## - LIBRARY OF CONGRESS CONTROL NUMBER
LC control number 2013941787
015 ## - NATIONAL BIBLIOGRAPHY NUMBER
National bibliography number GBB3A6029
Source bnb
016 7# - NATIONAL BIBLIOGRAPHIC AGENCY CONTROL NUMBER
Record control number 016547641
Source Uk
020 ## - INTERNATIONAL STANDARD BOOK NUMBER
International Standard Book Number 9781285430119 (pbk.)
020 ## - INTERNATIONAL STANDARD BOOK NUMBER
International Standard Book Number 1285430115 (pbk.)
035 ## - SYSTEM CONTROL NUMBER
System control number (OCoLC)ocn864087291
040 ## - CATALOGING SOURCE
Original cataloging agency UKMGB
Language of cataloging eng
Description conventions rda
Transcribing agency UKMGB
Modifying agency OCLCO
-- CTX
-- YDXCP
-- OCLCF
-- DLC
042 ## - AUTHENTICATION CODE
Authentication code lccopycat
050 00 - LIBRARY OF CONGRESS CALL NUMBER
Classification number 121
Item number C42 2015
082 00 - DEWEY DECIMAL CLASSIFICATION NUMBER
Classification number 121
Edition number 23
100 1# - MAIN ENTRY--PERSONAL NAME
Personal name Chaffee, John.
245 10 - TITLE STATEMENT
Title Thinking critically .
Statement of responsibility, etc. John Chaffee, PhD, Director, Center for Philosophy and Critical Thinking, City University of New York.
250 ## - EDITION STATEMENT
Edition statement Eleventh edition.
260 ## - PUBLICATION, DISTRIBUTION, ETC.
Place of publication, distribution, etc. Australia
Name of publisher, distributor, etc. CENGAGE Learning.
Date of publication, distribution, etc. 2015
300 ## - PHYSICAL DESCRIPTION
Extent xx, 587 pages ;
Dimensions 23 cm
500 ## - GENERAL NOTE
General note Paper Cover
504 ## - BIBLIOGRAPHY, ETC. NOTE
Bibliography, etc. note Includes bibliographical references and index.
600 ## - SUBJECT ADDED ENTRY--PERSONAL NAME
Personal name Chaffee, John.
650 #0 - SUBJECT ADDED ENTRY--TOPICAL TERM
Topical term or geographic name entry element Thought and thinking.
650 #0 - SUBJECT ADDED ENTRY--TOPICAL TERM
Topical term or geographic name entry element Critical thinking.
700 ## - ADDED ENTRY--PERSONAL NAME
Personal name Chaffee, John.
906 ## - LOCAL DATA ELEMENT F, LDF (RLIN)
a 7
b cbc
c copycat
d 3
e ncip
f 20
g y-gencatlg
942 ## - ADDED ENTRY ELEMENTS (KOHA)
Source of classification or shelving scheme
Koha item type Book
Call number prefix 121
Holdings
Withdrawn status Lost status Source of classification or shelving scheme Damaged status Not for loan Collection code Permanent Location Current Location Shelving location Date acquired Total Checkouts Total Renewals Full call number Barcode Checked out Date last seen Date last checked out Price effective from Koha item type
            Central Library (CL) Central Library (CL) General Stacks 05/16/2017 5 1 121 CHA NBS10267 11/15/2025 10/16/2025 10/16/2025 05/16/2017 Book
© 2023 Central Library, National University of Sciences and Technology. All Rights Reserved.